Statistics for U.S. States Mentioned in the Most JetPunk Interesting Facts

Click here to take the quiz!

General Stats

  • This quiz has been taken 34 times
  • The average score is 7 of 10

Answer Stats

HintAnswer% Correct
11California
100%
11New York
97%
3Texas
97%
5Alaska
81%
5Hawaii
81%
4Nevada
63%
3Massachusetts
56%
3Maine
44%
3South Carolina
19%
3West Virginia
13%

Score Distribution

Percentile by Number Answered

Percent of People with Each Score

Your Score History

You have not taken this quiz